| 000 | 00468nam a2200169 i 4500 | ||
|---|---|---|---|
| 001 | 46236 | ||
| 003 | ES-MaACL | ||
| 005 | 20251105063129.0 | ||
| 007 | t| | ||
| 008 | 030328q19001999fr ||||1| fre d | ||
| 100 | 1 |
_aCompère-Morel, Adéodat, _d1872-1941 _940048 |
|
| 245 | 1 | 4 |
_aLes propos d'un rural / _cMorel Compère. |
| 250 | _a[5eme ed.]. | ||
| 260 |
_aParís : _bParti Socialiste, _c[19--?] |
||
| 852 |
_aES-MaACL _j1551-F-18 |
||
| 999 |
_c46236 _d46236 |
||